| 000 | 00357nam a2200121Ia 4500 | ||
|---|---|---|---|
| 008 | 220214s9999 xx 000 0 und d | ||
| 245 | 0 | _aAmerican Review | |
| 260 |
_bUnited States Information Service _aNew Delhi |
||
| 500 | _aEnding Volume & Year: 21, 1977 | ||
| 500 | _aMissing Volume: 10-12;16;18 | ||
| 500 | _aStarting Volume & Year: 9, 1964 | ||
| 942 | _cBJ | ||
| 999 |
_c5037 _d5037 |
||